000 00653nam a2200193Ia 4500
003 GCL
008 140319s9999 xx 000 0 ara d
020 _a8087287977
040 _aGCL /
_cGCL
082 0 4 _a647.94
_bح ت
100 1 _aحامد العربى الحضيرى
245 1 0 _aتقييم الاستثمارات الفندقية /
_cحامد العربى الحضيرى
260 _aالقاهرة :
_bدار الكتب العلمية للنشر والتوزيع ،
_c1999
300 _a352 ص ؛
_c24 سم
650 0 4 _aالفنادق
650 0 4 _aالفنادق والسياحة
650 0 4 _aالفنادق - مصر
942 _2ddc
_cBK
999 _c5503
_d5503